000 00463nam a22001577a 4500
003 OSt
005 20240419123011.0
008 240419b |||||||| |||| 00| 0 eng d
040 _cMRSPTU
100 _aMohan (ਮੋਹਨ)
245 _aAao Sehat Samseyanwa Prti Janye (ਆਓ! ਸਿਹਤ ਸਮੱਸਿਆਵਾਂ ਪ੍ਰਤੀ ਜਾਣੀਏ)
250 _a1st
260 _aPunjab
_bTarkbharti Parkashan
_c2005
300 _a119
942 _2ddc
_cBK
_n0
999 _c10114
_d10114